000 00573nam a22001817a 4500
003 OSt
005 20180605091530.0
008 180315b xxu||||| |||| 00| 0 spa d
040 _cPJ
100 _aPérez Serrano Jáuregui, Nicolás
_9914
245 1 0 _aLos grupos parlamentarios /
_cNicolás Pérez Serrano Jáuregui.
260 _aMadrid :
_bTecnos,
_c1989.
300 _a260 p.
_c24 cm.
490 _aSerie de Derecho
500 _aCitas y notas bibliográficas al pie de página.
650 0 _9178
_aDERECHO CONSTITUCIONAL
942 _2udc
_cLIB
_h342.384.2
_iPER
999 _c658
_d658